Mania da explicação (Registo nº 199468)

Detalhes MARC
000 -Etiqueta do registo
Valores 00648nam 22002173 4500
010 ## - Número ISBN
ISBN 978-989-668-048-0
021 ## - Número do Depósito Legal
Código do país Portugal
Número 304720/10
100 ## - Dados gerais de processamento
Dados gerais 20251209d u||y0pory50 ba
200 ## - Titulo e menção de responsabilidade
Título próprio Mania da explicação
Primeira menção de responsabilidade Adriana Falcão
Outras menções de responsabilidade ilustrações Mariana Massarani
205 ## - Menção da edição
Edição
210 ## - Publicação
Local de publicação Cascais
Nome do editor Vogais & Companhia
Data de publicação 2010
215 ## - Descrição física 
Paginação / Volumes [48] p.
Outras indicações físicas il. ; brochado
Dimensões 25 cm
606 ## - Nome comum usado como assunto
ID Autoridade 46
Palavra de ordem Literatura Infantil Brasileira
675 ## - CDU
Notação 821.134.3(81)-93
Edição PT
Língua por
700 ## - Autor principal (pessoa individual)
ID Autoridade 15320
Apelido Falcão
Nome Adriana
Datas 1960-
702 ## - Autor secundário (pessoa individual)
ID Autoridade 15321
Apelido Massarani
Nome Mariana
801 ## - Fonte de origem
País PT
Agência BMMN
Regras de catalogação RPC
830 ## - Notas gerais do catalogador
Criado por Isabel
990 ## - Elementos KOHA
Tipo de documento Livro
Exemplares
Situação do levantamento Biblioteca de origem Código de barras Cota Permissão de empréstimo Tipo de documento Forma de aquisição
  Biblioteca Municipal de Montemor-o-Novo 28318 821.134.3(81)-93 FAL|AIJ   Livro Oferta

Powered by Koha